000 00778nam a2200265 a 4500
008
020 _a0702138282 (pbk.)
049 _aMAIN
090 _aHD31
_bBRE
100 _aBrevis, T.
245 1 0 _aManagement principles:
_ba contemporary edition for africa /
_cT. Brevis, M.J. Vrba and A. de Klerk.
250 _a2nd ed.
260 _aCape Town :
_bJuta and Co.,
_c1997.
300 _axii, 519 p. :
_bill. ;
_c25 cm.
504 _aIncludes bibliographical references.
500 _aIncludes index.
650 _aIndustrial management.
700 _aVrba, M. J.
700 _ade Klerk, A.
907 _a.b10300430
_b03-05-13
_c18-08-11
003
005 20230120145421.0
040 _cNUST
942 _cBOOKS
_kHD31
_mBRE
999 _c98043
_d98043